Statistics for African Countries by Area

Click here to take the quiz!

General Stats

  • This quiz has been taken 108 times
  • The average score is 41 of 54

Answer Stats

Area (km2)Country% Correct
2,381,741Algeria
100%
1,861,484Sudan
98%
1,759,540Libya
98%
1,284,000Chad
98%
1,267,000Niger
98%
2,344,858Democratic Republic of the Congo
98%
1,246,700Angola
95%
1,240,192Mali
93%
1,221,037South Africa
93%
1,030,700Mauritania
93%
945,203Tanzania
91%
801,590Mozambique
88%
1,104,300Ethiopia
88%
1,001,449Egypt
88%
637,657Somalia
84%
923,768Nigeria
84%
752,614Zambia
84%
825,418Namibia
84%
622,984Central African Republic
81%
581,726Botswana
81%
644,329South Sudan
77%
587,041Madagascar
77%
580,367Kenya
74%
446,550Morocco
74%
390,757Zimbabwe
74%
964São Tomé and Principe
72%
2,235Comoros
72%
451Seychelles
72%
475,442Cameroon
72%
245,857Guinea
70%
236,040Uganda
67%
2,040Mauritius
67%
112,622Benin
67%
4,033Cape Verde
67%
36,125Guinea-Bissau
65%
56,785Togo
65%
342,000Republic of the Congo
65%
17,364Eswatini
65%
28,051Equatorial Guinea
63%
30,355Lesotho
63%
117,600Eritrea
63%
10,380Gambia
63%
26,798Rwanda
63%
238,534Ghana
63%
23,200Djibouti
60%
274,000Burkina Faso
60%
27,830Burundi
60%
267,668Gabon
60%
71,740Sierra Leone
60%
111,369Liberia
60%
118,484Malawi
60%
322,460Côte d'Ivoire
60%
163,610Tunisia
56%
196,723Senegal
53%

Score Distribution

Percentile by Number Answered

Percent of People with Each Score

Your Score History

You have not taken this quiz